|
|
|
|
| LEADER |
01295nam a2200277 a 4500 |
| 001 |
17138 |
| 003 |
BD-DhAAL |
| 008 |
090521s2008 cauab b 001 0 eng |
| 020 |
|
|
|a 9780321536167 (pbk.)
|
| 020 |
|
|
|a 0321536169 (pbk.)
|
| 040 |
|
|
|a Uk
|b eng
|d BD-DhAAL
|
| 082 |
0 |
4 |
|a 570
|2 22
|
| 245 |
0 |
0 |
|a Biology.
|
| 250 |
|
|
|a International ed., Eight edition /
|b Neil A. Campbell ... [et al.].
|
| 260 |
|
|
|a San Francisco ;
|a London :
|b Pearson/Benjamin Cummings,
|c c2008.
|
| 300 |
|
|
|a 1 v. (various pagings) :
|b ill. (chiefly col.), col. maps ;
|c 28 cm
|
| 500 |
|
|
|a Rev ed. of: Biology /Neil A. Campbell, Jane B. Reece. 2005.
|
| 504 |
|
|
|a Includes bibliographical references and index.
|
| 526 |
|
|
|a MNS
|x Professor Naiyyum Choudhury
Department of Mathematics and Natural Sciences
BRAC University
Course No. : BIO 101
|
| 541 |
1 |
|
|e 00017138
|a Dhansere Library
|
| 650 |
|
0 |
|a Biology.
|9 45367
|
| 700 |
1 |
|
|a Campbell, Neil A.,
|d 1946-
|t Biology.
|9 45368
|
| 852 |
4 |
|
|a Ayesha Abed Library
|c General Stacks
|
| 942 |
|
|
|2 ddc
|c BK
|
| 999 |
|
|
|c 1030
|d 1030
|
| 952 |
|
|
|0 0
|1 0
|2 ddc
|4 0
|6 570_BIO_200800000000000
|7 0
|9 937
|a BRACUL
|b BRACUL
|c GEN
|d 2009-06-24
|e Dhansere Library
|g 4550.00
|l 13
|m 81
|o 570 BIO
|p 3010017138
|r 2025-10-19
|s 2025-02-06
|t 1
|w 2009-06-24
|y BK
|x Requisitioned by Professor Naiyyum Choudhury for the course no. : BIO 101
|